| 000 | 00901nam a2200289Ia 4500 | ||
|---|---|---|---|
| 003 | OSt | ||
| 005 | 20221005072914.0 | ||
| 006 | a|||||r|||| 00| 0 | ||
| 007 | ta | ||
| 008 | 221004b |||||||| |||| 00| 0 urd d | ||
| 020 | _cINR 150.00 | ||
| 024 | _a42463 | ||
| 037 |
_b2124, 16/03/2019, M.R.Publications _cTextual |
||
| 040 |
_aCRL _cCRL _burd |
||
| 041 |
_2urd _aurd |
||
| 082 | _aO168,1NNA3x, P6 | ||
| 100 |
_aNadwi Mohammad Shakil Abbasi Au. _9607576 |
||
| 245 | 0 | _aJoay baar | |
| 260 |
_aNew Delhi _bFarid book depot India _c2006 |
||
| 300 |
_a336p. _ccm. |
||
| 650 | _a URDU LITERATURE | ||
| 650 | _a URDU POETRY | ||
| 650 |
_aURDU _939717 |
||
| 700 |
_a Usmani Masoodul Hasan Ed. _9177458 |
||
| 942 |
_hO168,1NNA3x, P6 _cTEXL _2cc |
||
| 999 |
_c980260 _d980260 |
||